Online Catalogue and eLibrary

Communalism and the Historical Legacy : (Record no. 5521)

MARC details
000 -LEADER
fixed length control field 00458nam a2200145Ia 4500
005 - DATE AND TIME OF LATEST TRANSACTION
control field 20250704023332.0
008 - FIXED-LENGTH DATA ELEMENTS--GENERAL INFORMATION
fixed length control field 240331s9999 xx 000 0 und d
082 ## - DDC Classification
Item Number - Author Mark THA
Class No. 954
100 ## - MAIN ENTRY--PERSONAL NAME
Personal name Thapar, R
245 #0 - TITLE STATEMENT
Title Communalism and the Historical Legacy :
Remainder of title Jathibedawadaya ha indeeya ithihasaya liweema
260 ## - PUBLICATION, DISTRIBUTION, ETC.
Place of publication, distribution, etc. Colombo
Name of publisher, distributor, etc. People's Publishing House
Date of publication, distribution, etc. 1969
300 ## - PHYSICAL DESCRIPTION
Extent (e.g. Volumes, Pages etc.) 57 p ., ( C 1)
500 ## - GENERAL NOTE
General note Communalism and the writing of Indian History
942 ## - Koha item type (Biblio)
Koha item type Books in Stacks (Lending)
Holdings
Lost status Damaged status Collection code Home library Current library Shelving location Date acquired Full call number Accession Number Item type
    Lending WERC Library WERC Library Social Science Cupboard 03/31/2024 954 THA 3880 Books in Stacks (Lending)

© WERC Library